000 00377 a2200169 4500
001 188543
020 _a85-08-08478-1
040 _cMagnum
100 _aBrezina, Thomas
240 1 0 _aQuem é essa menina?
_lpor
245 1 0 _aQuem é essa menina?
300 _a91
362 0 _a2002
440 1 _aÁtica
697 _aLITERATURA INFANTO-JUVENIL ESTRANGEIRA
942 _cBK
999 _c188543
_d188543